[Event "BL2-Ost 9899"]
[Site "Germany"]
[Date "1999.02.21"]
[Round "6.2"]
[White "Stettler, Michael"]
[Black "Alber, Horst"]
[Result "1/2-1/2"]
[WhiteElo "2330"]
[BlackElo "2325"]
[PlyCount "62"]
[EventDate "1998.10.18"]
[EventType "team-tourn"]
[EventRounds "9"]
[EventCountry "GER"]
[SourceTitle "GER-chT2"]
[Source "ChessBase"]
[SourceDate "1999.07.01"]
[SourceVersion "1"]
[SourceVersionDate "1999.07.01"]
[SourceQuality "1"]
[WhiteTeam "Leipzig Lok"]
[BlackTeam "Schoeneck"]
[WhiteTeamCountry "GER"]
[BlackTeamCountry "GER"]

1. d4 Nf6 2. c4 c5 3. d5 e5 4. Nc3 d6 5. e4 Be7 6. h3 Nbd7 7. Nf3 Nf8 8. Be2 Ng6 9. g3 h6 10. h4 Bg4 11. Nh2 Bxe2 12. Qxe2 h5 13. Nf1 Qd7 14. Ne3 Bd8 15. Nf5 Ne7 16. Nxe7 Qxe7 17. Bg5 Qd7 18. Kd2 Ng4 19. f3 Nf6 20. Kc2 Rb8 21. a4 a6 22. b3 Ng8 23. Bxd8 Qxd8 24. f4 Nf6 25. f5 Qd7 26. Rhf1 b6 27. Rf3 0-0 28. Raf1 Rb7 29. Ra1 Rfb8 30. Rff1 Qd8 31. Rf3 Kf8 1/2-1/2